00548nam a2200157Ia 4500008004100000020001900041082001500060100002200075245004600097260002500143300001700168600002100185942000700206952016000213999001700373250526s9999 xx 000 0 und d a978-1578702275 a004.62 MCQ aMcQuerry, Steve  0aCisco Voice over Frame Relay, Atm, and Ip bCisco Systems,c2001 axxiii, 517p. aComputer Science cGB 00104070aUITUbUITUcGIFd2025-05-26eGifted by Dr. Waseem Akhterl0o004.62 MCQpG109r2025-05-26 12:24:47w2025-05-26yGBzGifted by Dr. Waseem Akhter c31272d31272